000 05470cam a22012254i 4500
003 PE-LiUPU
005 20250813185536.0
008 150625s2007 pe r 000 0 spa d
035 _a(Sirsi) a39113
040 _aPE-LiUPU
_bspa
_cPE-LiUPU
_dPE-LiUPU
_erda
049 _aPRUA
082 0 4 _a368.4285
_bB39
_221
100 1 _aBernuy Alvarez, Oscar H.,
_eautor.
245 1 0 _aManual de subsidios y seguros-EsSalud :
_banálisis y aplicación y práctica /
_cOscar H. Bernuy Alvarez.
264 1 _aLima :
_bGrupo Empresarial Entrelíneas,
_c2007.
300 _a598 páginas ;
_c25 centímetros.
336 _atext
_2rdacontent
337 _aunmediated
_2rdamedia
338 _avolume
_2rdacarrier
490 0 _aSistema de seguridad social del Perú. En cubierta
505 0 _aSeguro social de salud en ESALUD -- Creación -- Principios -- Finalidad -- Objetivos -- Prestaciones del seguro social de salud -- Generalidades -- Prestaciones de prevención y promoción en salud -- Prestaciones de bienestar y promoción social -- Prestaciones económicas -- Generalidades -- Asegurados que tienen derecho a prestaciones económicas -- Condiciones generales para el otorgamiento de las prestaciones económicas a asegurados regulares -- Subsidios y prestación por sepelio -- Subsidios por maternidad -- Subsidios por lactancia -- Prestación por sepelio -- Registro de beneficiarios -- Forma de pago de las prestaciones económicas -- Incorporación como afiliados regulares del seguro social de salud a los pescadores y procesadores pesqueros artesanales independientes -- Incorporación a ESSALUD de los afiliados de la caja de beneficios y seguridad social del pescador -- Derecho especial de cobertura por desempleo "latencia" -- "Certificado de trabajo", formato con carácter de declaración jurada el cual puede - utilizado por el interesado en forma alternativa - Información necesaria para el proceso de acreditación por ESSALUD -- Disposiciones finales para atenciones de salud de afiliados regulares, agrarios y derechohabientes - cambio de adscripción permanente -- Recursos impugnativos -- Certificados de incapacidad temporal para el trabajo - CITT -- Régimen especial de facilidades de pago para deudas por prestaciones de salud y económicas otorgadas a trabajadores y derechohabientes de entidades empleadoras morosas -- Seguros -- Seguro regular -- Seguro del pescador -- Vida seguro de accidentes -- El seguro de salud agrario -- Seguro potestativo -- Seguro complementario de trabajo de riesgo -- Las empresas prestadoras de salud - EPS -- Procedimientos administrativos ante ESSALUD -- Otorgamiento de prestaciones económicas -- Procedimiento contencioso tributario -- Procedimiento contencioso no tributario -- Casos prácticos -- Consultoría -- Preguntas frecuentes sobre el seguro complementario de riesgo (SCTR) -- Preguntas frecuentes sobre las entidades prestadoras de salud (EPS) -- Normas legales.
526 _aP202
526 _aP201
526 _aP163
526 _aP162
526 _aP161
526 _aP160
526 _aP148
526 _aP147
526 _aP146
526 _aP145
526 _aP144
526 _aP143
526 _aP142
526 _aP141
526 _aP140
526 _aP139
526 _aP138
526 _aP137
526 _aP136
526 _aP135
526 _aP134
526 _aP133
526 _aP129
526 _aP128
526 _aP127
526 _aP120
526 _aP119
526 _aP118
526 _aP116
526 _aP115
526 _aP114
526 _aP110
526 _aP109
526 _aP108
526 _aP104
526 _aP103
526 _aP102
526 _aP99
526 _aP98
526 _aP97
526 _aP96
526 _aP95
526 _aP93
526 _aP90
526 _aP89
526 _aP88
526 _aP83
526 _aP82
526 _aP62
526 _aP59
526 _aP58
526 _aP57
526 _aP51
526 _aP49
526 _aP48
526 _aP47
526 _aP29
526 _aP24
526 _aP20
526 _aP19
526 _aP17
526 _aP15
526 _aP14
526 _aP12
526 _aP10
526 _aP09
526 _aP08
526 _aP07
526 _aP06
526 _aP05
526 _aP04
526 _aP01
541 _g014-0000472;
541 _g002-004464;
650 0 4 _aSeguros de salud
_zPerú
_vManuales.
650 0 4 _aSistemas de seguridad social
_zPerú.
910 _bjv
_clch
_d20080819
942 _2ddc
_cBOOK
949 _a368.4285 B39
_wDEWEY
_c1
_i58897
_lCCODEBUL1
_mBUL
_p27.00
_r0
_sY
_tBOOK
_u2015-06-25
_xFCE
_PP08
_0COMPRA
_o.STAFF. Colección Ciencias Empresariales
949 _a368.4285 B39
_wDEWEY
_c2
_i58567
_lCCODEBUL1
_mBUL
_p30
_r0
_sY
_tBOOK
_u2015-06-25
_xFCE
_PP08
_0COMPRA
_o.STAFF. Colección General
596 _a1
999 _a368.4285 B39
_wDEWEY
_c47467
_i58897
_f2019-12-11
_g5
_lCCODEBUL1
_mBUL
_p27.00
_r0
_sY
_tBOOK
_u2015-6-25
_xFCE
_PP08
_0COMPRA
_o.STAFF. Colección Ciencias Empresariales
_d47467
999 _a368.4285 B39
_wDEWEY
_c2
_i58567
_f2021-11-5
_g6
_lCCODEBUL1
_mBUL
_p27.00
_r0
_sY
_tBOOK
_u2015-6-25
_xBIBLIOTECA
_PP08
_0COMPRA
_o.STAFF. Colección General
980 _81
_gALBERTO SANCHEZ Responsable de Automatización